01963nam a2200349 a 4500001001200000003000800012006001900020007001500039008004100054010001700095020001800112020002700130040002100157035002100178050002300199082001500222100002500237245008900262260003500351300002200386490004400408504005100452520068800503533015201191650001201343650002201355655002901377700001901406710001701425830004501442856012601487ebr10542538CaPaEBRm u cr cn|||||||||111107s2012 njua sb 001 0 eng d z 2011042254 z9781118018996 z9781118270059 (e-book) aCaPaEBRcCaPaEBR a(OCoLC)78784983314aQC385b.W83 2012eb04a621.362231 aRen, Hongwen,d1964-10aIntroduction to adaptive lensesh[electronic resource] /cHongwen Ren, Shin-Tson Wu. aHoboken, N.J. :bWiley,c2012. ax, 274 p. :bill.1 aWiley series in pure and applied optics aIncludes bibliographical references and index. a"This is the first book to address the fundamental operation principles, device characteristics, and potential applications of various types of adaptive lenses. Setting out from basic material properties to device structures and performance, this volume covers solid lens, membrane lens, electro-wetting lens, dielectric lens, mechanical-wetting lens, and liquid crystal lenses. Potential applications of these adaptive lenses are also investigated, including image processing and zooming, optical communications, and biomedical imaging. This is an important reference for optical engineers, research scientists, graduate students and undergraduate seniors"--cProvided by publisher. aElectronic reproduction.bPalo Alto, Calif. :cebrary,d2013.nAvailable via World Wide Web.nAccess may be limited to ebrary affiliated libraries. 0aLenses. 0aOptics, Adaptive. 7aElectronic books.2local1 aWu, Shin-Tson.2 aebrary, Inc. 0aWiley series in pure and applied optics.40uhttp://site.ebrary.com/lib/rucke/Doc?id=10542538zAn electronic book accessible through the World Wide Web; click to view